The mediating role of innovation between family influence and business performance of public listed family businesses in Malaysia /
Saved in:
| Main Author: | |
|---|---|
| Format: | Thesis Book |
| Language: | English |
| Subjects: | |
| Online Access: | http://studentsrepo.um.edu.my/id/eprint/4598 |
| Tags: |
Add Tag
No Tags, Be the first to tag this record!
|
| LEADER | 01591cam a2200361 i 4500 | ||
|---|---|---|---|
| 001 | u995253 | ||
| 003 | SIRSI | ||
| 005 | 201405140909 | ||
| 008 | 140514s2014 my a t 000 0 eng m | ||
| 040 | |a UMM |d AUM |e rda | ||
| 043 | |a a-my--- | ||
| 090 | |a HF5630 |b UMP 2014 Cho | ||
| 100 | 1 | |a Chong, Wei Ying, |e author. | |
| 245 | 1 | 4 | |a The mediating role of innovation between family influence and business performance of public listed family businesses in Malaysia / |c Chong Wei Ying. |
| 264 | 1 | |c 2014. | |
| 264 | 4 | |c 2014 | |
| 300 | |a xxii, 309 leaves : |b illustrations ; |c 30 cm | ||
| 336 | |a text |2 rdacontent | ||
| 337 | |a unmediated |2 rdamedia | ||
| 338 | |a volume |2 rdacarrier | ||
| 502 | |b Ph.D |c Jabatan Pengurusan Perakaunan dan Percukaian, Fakulti Perniagaan dan Perakaunan, Universiti Malaya |d 2014. | ||
| 504 | |a Bibliography: leaves 247-279 | ||
| 530 | |a Also issued in CD. | ||
| 650 | 0 | |a Creative ability in business. | |
| 650 | 0 | |a Success in business. | |
| 650 | 0 | |a Family-owned business enterprises |x Technological innovations |z Malaysia. | |
| 650 | 0 | |a Family-owned business enterprises |x Psychological aspects. | |
| 710 | 2 | |a Universiti Malaya. |b Jabatan Pengurusan Perakaunan dan Percukaian, |e degree granting institution. | |
| 856 | 4 | 1 | |u http://studentsrepo.um.edu.my/id/eprint/4598 |
| 900 | |a ZA | ||
| 596 | |a 1 25 | ||
| 999 | |a HF5630 UMP 2014 CHO |w LC |c 1 |i A515928356 |d 22/12/2016 |e 22/12/2016 |f 18/5/2015 |g 1 |l STACKS |m P01UTAMA |n 5 |r Y |s Y |t TESIS |u 14/5/2015 | ||
| 999 | |a HF5630 UMP 2014 CHO |w LC |c 1 |i A516258992 |f 19/2/2021 |g 1 |l STACKS |m P25UMARCHI |r N |s Y |t CD |u 15/6/2015 |1 AHSS |o .STAFF. MST-CD907 | ||
